000 00874cam a22002897a 4500
003 CHAP
005 20220329140345.0
008 971013s1971 r 00010 d
010 _a50862
011 _a51834
035 _a55984
040 _cCHAP
082 _a574.192
_bP5
100 0 0 _aPlummer, David T.
_989317
245 1 3 _aAn introduction to practical biochemistry
260 _aLondon :
_bMcGraw-Hill,
_c1971
300 _a369 p.
_b: ilus.
590 _aBATCH-UPD
_b10
_c20130110
_lUCH01
_h0401
590 _aBATCH-UPD
_b10
_c20130110
_lUCH01
_h2045
590 _aBATCH-UPD
_b10
_c20130410
_lUCH01
_h0034
590 _aBATCH-UPD
_b10
_c20130914
_lUCH01
_h0644
590 _aCONVERSION
_b10
_c20130109
_lUCH01
_h1328
650 1 4 _aBioquĂ­mica.
_912849
901 _aBK
942 _cLIBRO
949 _a574.192 P5
_bBC
_cLIBRO
_d33724002013165
_eLIBRO
_h55302
_i55984
_si
_t203.00
999 _c50862
_d50862